Guess the YUNGBLUD song with no hints #3 - Statistics

General Stats
  • This quiz has been taken 34 times
  • The average score is 183 of 390
Answer Stats
Answer % Correct
I
96%
you
88%
You
88%
a
85%
me
69%
the
69%
an
65%
And
65%
and
65%
for
65%
is
65%
be
62%
it
62%
If
58%
if
58%
so
58%
So
58%
to
58%
die,
54%
I'm
54%
Or
54%
would
54%
Would
54%
(Would
54%
down,
50%
down
50%
go
50%
go,
50%
my
50%
My
50%
on
50%
all
46%
but
46%
from
46%
out,
46%
underrated
46%
up
46%
up,
46%
Cause
42%
come
42%
far
42%
hope
42%
just
42%
Just
42%
know
42%
of
42%
pulling
42%
that
42%
there's
42%
There's
42%
truth
42%
youth
42%
away
38%
away?
38%
cry?
38%
day
38%
heart
38%
keep
38%
say?
38%
take
38%
telling
38%
than
38%
Yeah,
38%
yeah,
38%
yeah
38%
better
35%
Every
35%
make
35%
never
35%
not
35%
sorry,
35%
they
35%
us
35%
wait
35%
won't
35%
alive?
31%
alive?)
31%
bein'
31%
bury
31%
fucked
31%
left
31%
like
31%
off
31%
this
31%
today,
31%
about
27%
are
27%
by
27%
change
27%
got
27%
Got
27%
magazines
27%
Should
27%
Cut
23%
late
23%
let
23%
mind
23%
name
23%
right
23%
second
23%
that's
23%
throw
23%
with
23%
called
19%
died,
19%
dreaming
19%
episode,
19%
friends
19%
head
19%
juvenile
19%
made
19%
myself
19%
someone
19%
state?
19%
that'll
19%
you'd
19%
Adderall
15%
ain't
15%
alien
15%
else
15%
feelings,
15%
hair
15%
personality
15%
show
15%
them
15%
freak
12%
Hidin'
12%
inside
12%
patience
12%
rhymes
12%
self-control
12%
eyes
8%
part
8%
blow,
4%
mix
4%
pick
4%
tie
4%
dark
0%
parts
0%
spiking
0%
till
0%
No matching quizzes found
Score Distribution
Percent of People with Each Score
Percentile by Number Answered
Your Score History
You have not taken this quiz